1845 1143 1995 1629 1222 1360 1905 1590 1763 1821 1207 1364 1833 1925 1129 1487 1538 1907 1508 1086 1612 1040 1100 1875 1831 1098 1842 1224 1163 1218 1023 1266 1335 1093 1708 1575 1626 1838 1245 1590 1408 1113 1150 1925 1487 1605 1849 1072 1044 1028 1345 1072 1217 1698 1623 1539 1976 1280 1991 1438 1348 1989 1915 1381 1227 1711 1011 1543 1693 1692 1529 1346 1884 1630 1831 1351 1110 1375 1401 1984 1165 1199 1476 1406 1985 1485 1329 1017 1456 1086 1714 1466 1777 1849 1597 1806 1526 1940 1748 BCNSPRNW ULIB Ver.6.0+V

เปลี่ยนเป็นภาษาไทย

Change to English
 แสดงรายละเอียดบรรณานุกรม
  กลับหน้าหลัก

Brief Record : Get Marc (ISO 2709) : E-mail record : QR code < ปิดหน้าต่าง
LEADER : 00000nam 2200000uu 4500
001    13399122371
003     ULIB
008    130228s2555||||th 000 0 tha d
060  4  WX22.JT3 ส293ป
110 1  สมาคมโรงพยาบาลเอกชน
245 00 ^aปลดปล่อยศักยภาพของโรงพยาบาลเอกชนกับกระแสประชาคมอาเซียน =^bUnleashing the potential of Thai private hospital forAEC /^cกองบรรณาธิการหนังสือครบรอบ 33 ปีสมาคมโรงพยาบาลเอกชน
260    ^a[กรุงเทพฯ] :^bสมาคมโรงพยาบาลเอกชน,^c2555
300    ^a68, [28] หน้า :^bภาพประกอบสี ;^c30 ซม.
500    ^aหนังสือครบรอบ 33 ปี สมาคมโรงพยาบาลเอกชน
650  4 ^aโรงพยาบาลเอกชน
650  4 ^aโรงพยาบาลเอกชน^xทำเนียบนาม
650  7 สาธารณสุข^xอาเซียน
945    ^p0^l0^i033611
945    ^p0^l0^i033612
945    ^p0^l0^i033613
945    ^p0^l0^i033614
999    ^aเกษร โพธิ์สุวรรณ
รายการนี้ยังไม่มีแท็ก
คุณยังไม่ได้ล็อกอิน คุณสามารถมีกิจกรรมร่วมกับเว็บไซต์ได้ แต่ต้องล็อกอินก่อน ::
  ล็อกอิน

รายการสื่อสารสนเทศ

ลำดับที่ ประเภท เลขเรียก/บาร์โค้ด สถานที่ สถานะ
1. วิทยาศาสตร์การแพทย์ และสุขภาพ
หนังสือสำรอง
สถานะ=หนังสือสำรอง
WX22.JT3 ส293ป ฉ.1 
  Barcode: 033611
ห้องสมุดวิทยาเขตสวรรค์ประชารักษ์
►ส่วนจัดเก็บหนังสือเก่า สปร
บนชั้น
  ขอยืม
2. วิทยาศาสตร์การแพทย์ และสุขภาพ
วิทยาศาสตร์การแพทย์ และสุขภาพ
WX22.JT3 ส293ป ฉ.2 
  Barcode: 033612
ห้องสมุดวิทยาเขตสวรรค์ประชารักษ์
►ส่วนจัดเก็บหนังสือเก่า สปร
บนชั้น
  ขอยืม
3. วิทยาศาสตร์การแพทย์ และสุขภาพ
วิทยาศาสตร์การแพทย์ และสุขภาพ
WX22.JT3 ส293ป ฉ.3 
  Barcode: 033613
ห้องสมุดวิทยาเขตสวรรค์ประชารักษ์
►ส่วนจัดเก็บหนังสือเก่า สปร
บนชั้น
  ขอยืม
4. วิทยาศาสตร์การแพทย์ และสุขภาพ
วิทยาศาสตร์การแพทย์ และสุขภาพ
WX22.JT3 ส293ป ฉ.4 
  Barcode: 033614
ห้องสมุดวิทยาเขตสวรรค์ประชารักษ์
►ส่วนจัดเก็บหนังสือเก่า สปร
บนชั้น
  ขอยืม

รายการใกล้เคียง
    หัวเรื่อง [โรงพยาบาลเอกชน]

BibComment


ยังไม่เคยถูกคอมเมนท์

คอมเมนท์ทรัพยากรรายการนี้
  คอมเมนท์: ปลดปล่อยศักยภาพข..


 Copyright 2026. Bcnsprnw @Library